000 00870nam a2200265Ia 4500
003 OSt
005 20220926015455.0
006 a|||||r|||| 00| 0
007 ta
008 220923b |||||||| |||| 00| 0 eng d
020 _a0230608647
_c1129.28
037 _bIN1906, 06/03/2009, ADITYA BOOKS PRIVATE LIMITED
_cGeneral Book
040 _aRTL
_cRTL
_beng
041 _2eng
_aeng
082 _aW81OaQ7, P8
100 _aPerry Marvin
_9322445
245 0 _aTheory and practice of Islamic terrorism
_b An anthology
260 _aNew York
_bPalgrave Macmillan
_c2008
300 _aix,255p.
_ccm.
500 _aGlossary:P.243-44
650 _aSociology
700 _a Negrin Howard E
_9322446
942 _hW81OaQ7, P8
_cGB
_2CC
999 _c631687
_d631687